000 00585nam a22002177a 4500
003 UA-OsUOA
001 48062
007 ta
008 20070829b un ||||| |||| 00| 0 ukr d
090 _a81
_bК93
942 _cBK
040 _aUA-OsUOA
_bukr
_cUA-OsUOA
_dUA-OsUOA
245 _aКурс сучасної української мови
300 _a518 с.
955 _a2
041 _aukr
080 _a81
260 _aК.
_c1951
650 7 _a8 Мовознавство. Художня література. Літературознавство
_2UDC
999 _c334159
_d334159